[Event "Kalamazoo op1"]
[Site "Kalamazoo"]
[Date "2003.09.01"]
[Round "7.12"]
[White "Kilburn, Gregory"]
[Black "Harris, Michael1111"]
[Result "1-0"]
[WhiteElo "1168"]
[BlackElo "939"]
[PlyCount "129"]
[EventDate "2003.08.29"]
[EventType "swiss"]
[EventRounds "7"]
[EventCountry "USA"]
[SourceTitle "EXT 2007"]
[Source "ChessBase"]
[SourceDate "2006.11.23"]
[SourceVersion "1"]
[SourceVersionDate "2006.11.23"]
[SourceQuality "1"]

1. d4 Nf6 2. c4 c5 3. d5 b5 4. cxb5 a6 5. Nc3 g6 6. e3 Bg7 7. Nf3 0-0 8. Bc4 d6 9. 0-0 Nbd7 10. bxa6 Qa5 11. Qc2 Bxa6 12. Bxa6 Qxa6 13. Rb1 Rab8 14. Re1 Rfe8 15. e4 Ng4 16. Bd2 Nde5 17. Nxe5 Nxe5 18. b3 e6 19. h3 Ra8 20. f4 Nd3 21. Rf1 Bxc3 22. Bxc3 exd5 23. exd5 c4 24. bxc4 Qxc4 25. Qb3 Qc5+ 26. Kh2 Ra3 27. Qb8 Qc8 28. Qxc8 Rxc8 29. Bb4 Rxa2 30. Bxd6 Rd8 31. Rbd1 Nf2 32. Be7 Rd7 33. Rde1 f6 34. d6 Kf7 35. Ra1 Rd2 36. Rac1 Ra7 37. Rc8 Raa2 38. Rf8+ Kg7 39. Rxf6 Ng4+ 40. hxg4 Rxg2+ 41. Kh3 Rge2 42. g5 Re3+ 43. Kg4 Rg2+ 44. Kh4 Rh2+ 45. Kg4 Reh3 46. Rg1 Rh4+ 47. Kf3 Rd2 48. Re6 Kf7 49. Re3 Ke8 50. Rge1 Kd7 51. R1e2 Rd4 52. Re4 Rd3+ 53. R4e3 Rd4 54. Rg2 Rhxf4+ 55. Ke2 Rc4 56. Kd2 Ra4 57. Rc3 Rad4+ 58. Kc2 Ra4 59. Kb2 Ra8 60. Rgc2 Ra6 61. Rb3 Rfa4 62. Rc7+ Ke8 63. d7+ Kxe7 64. Re3+ Kf7 65. d8Q# 1-0

[Event "Kalamazoo op1"]
[Site "Kalamazoo"]
[Date "2003.08.31"]
[Round "4.15"]
[White "Carter, Michael"]
[Black "Kilburn, Gregory"]
[Result "1/2-1/2"]
[WhiteElo "721"]
[BlackElo "1168"]
[PlyCount "57"]
[EventDate "2003.08.29"]
[EventType "swiss"]
[EventRounds "7"]
[EventCountry "USA"]
[SourceTitle "EXT 2007"]
[Source "ChessBase"]
[SourceDate "2006.11.23"]
[SourceVersion "1"]
[SourceVersionDate "2006.11.23"]
[SourceQuality "1"]

1. d4 d5 2. c4 c6 3. Nc3 Nf6 4. Bg5 Bf5 5. Bxf6 gxf6 6. Nf3 dxc4 7. e3 b5 8. e4 Bg6 9. b3 cxb3 10. axb3 a6 11. Bd3 Nd7 12. 0-0 Bg7 13. Nh4 0-0 14. Nxg6 fxg6 15. b4 e5 16. Be2 exd4 17. Qxd4 Ne5 18. Rad1 Qxd4 19. Rxd4 Rfd8 20. Rfd1 Rxd4 21. Rxd4 Nf7 22. g3 f5 23. Rd3 fxe4 24. Nxe4 Rd8 25. Rxd8+ Nxd8 26. Nc5 Ne6 27. Nxe6 Bc3 28. Nc5 a5 29. bxa5 1/2-1/2

[Event "Kalamazoo op1"]
[Site "Kalamazoo"]
[Date "2003.08.31"]
[Round "5.19"]
[White "Kilburn, Gregory"]
[Black "Novick, Emily"]
[Result "1-0"]
[WhiteElo "1168"]
[BlackElo "845"]
[PlyCount "51"]
[EventDate "2003.08.29"]
[EventType "swiss"]
[EventRounds "7"]
[EventCountry "USA"]
[SourceTitle "EXT 2007"]
[Source "ChessBase"]
[SourceDate "2006.11.23"]
[SourceVersion "1"]
[SourceVersionDate "2006.11.23"]
[SourceQuality "1"]

1. d4 d5 2. c4 Nf6 3. Nc3 e6 4. Bg5 Bb4 5. e3 Qd7 6. Nf3 Nc6 7. Bd3 h6 8. Bh4 e5 9. dxe5 Bxc3+ 10. bxc3 Ne4 11. Qc2 Nc5 12. Be2 Ne7 13. cxd5 Na4 14. Bxe7 Kxe7 15. 0-0 Ke8 16. Rfd1 Nc5 17. Rab1 f5 18. Bb5 c6 19. dxc6 bxc6 20. Bxc6 Qxc6 21. Nd4 Qc7 22. Nxf5 Qc6 23. Nxg7+ Ke7 24. Nf5+ Ke6 25. Rd6+ Qxd6 26. Nxd6 1-0

[Event "Michigan Senior U1600"]
[Site "Warren"]
[Date "2003.06.08"]
[Round "3"]
[White "Kilburn, Gregory"]
[Black "Saylor, Oliver"]
[Result "0-1"]
[WhiteElo "1223"]
[BlackElo "1547"]
[PlyCount "100"]
[EventDate "2003.06.07"]
[EventType "swiss"]
[EventRounds "4"]
[EventCountry "USA"]
[SourceTitle "EXT 2008"]
[Source "ChessBase"]
[SourceDate "2007.11.25"]
[SourceVersion "1"]
[SourceVersionDate "2007.11.25"]
[SourceQuality "1"]

1. d4 d5 2. c4 c6 3. Nc3 Nf6 4. e3 Bf5 5. cxd5 cxd5 6. Nf3 e6 7. Bd3 Bxd3 8. Qxd3 Bd6 9. 0-0 0-0 10. Re1 Nc6 11. a3 a6 12. Qf1 Qc7 13. Rb1 e5 14. dxe5 Nxe5 15. Nxe5 Bxe5 16. g3 d4 17. exd4 Bxd4 18. Be3 Bxc3 19. bxc3 Qxc3 20. Rxb7 Qxa3 21. Rc7 Qb3 22. Rec1 Nd5 23. Rb1 Qa4 24. Rc4 Qa5 25. Ra1 Qd8 26. Rd4 Nxe3 27. Rxd8 Nxf1 28. Rxf8+ Kxf8 29. Kxf1 Ke7 30. Ke2 Kd6 31. Kd2 Kc5 32. Rc1+ Kd4 33. Rc7 a5 34. Rxf7 a4 35. Rxg7 a3 36. Rd7+ Ke4 37. Re7+ Kf3 38. Re3+ Kg2 39. Re1 a2 40. Ra1 Kxf2 41. g4 Kf3 42. g5 Kf4 43. Kc2 Kxg5 44. Kb2 Kg4 45. Rxa2 Rxa2+ 46. Kxa2 Kh3 47. Kb2 Kxh2 48. Kc2 h5 49. Kd2 h4 50. Ke2 Kg2 0-1

[Event "Kalamazoo op"]
[Site "Kalamazoo"]
[Date "2002.10.20"]
[Round "4.21"]
[White "Kilburn, Gregory"]
[Black "Avery, James"]
[Result "0-1"]
[WhiteElo "1223"]
[BlackElo "744"]
[PlyCount "70"]
[EventDate "2002.10.19"]
[EventType "swiss"]
[EventRounds "5"]
[EventCountry "USA"]
[SourceTitle "EXT 2007"]
[Source "ChessBase"]
[SourceDate "2006.11.23"]
[SourceVersion "1"]
[SourceVersionDate "2006.11.23"]
[SourceQuality "1"]

1. d4 e6 2. e4 d5 3. Nc3 Nf6 4. Bg5 Be7 5. e5 Ne4 6. Bxe7 Qxe7 7. Nxe4 dxe4 8. Qg4 0-0 9. Qxe4 Qb4+ 10. c3 Qxb2 11. Rd1 Qxc3+ 12. Rd2 Qa1+ 13. Ke2 Qc3 14. Nf3 Qc6 15. Qd3 b6 16. Ng5 Ba6 17. Qxa6 Nxa6 18. f3 h6 19. Ne4 Qb5+ 20. Kf2 Qa5 21. Bc4 c5 22. d5 exd5 23. Bxd5 Rad8 24. Rhd1 Nc7 25. Bxf7+ Kxf7 26. Rxd8 Rxd8 27. Rxd8 Qxa2+ 28. Kg3 Qb1 29. Rd7+ Ke6 30. Rxc7 Qe1+ 31. Kh3 Kxe5 32. Nxc5 Kd6 33. Rxa7 g5 34. Ne4+ Kc6 35. Rh7 Qh4# 0-1

[Event "Kalamazoo op07"]
[Site "Kalamazoo"]
[Date "2000.07.29"]
[Round "3"]
[White "Moore, Martin"]
[Black "Kilburn, Gregory"]
[Result "1-0"]
[WhiteElo "1436"]
[BlackElo "1082"]
[PlyCount "96"]
[EventDate "2000.07.29"]
[EventType "swiss"]
[EventRounds "5"]
[EventCountry "USA"]
[SourceTitle "EXT 2007"]
[Source "ChessBase"]
[SourceDate "2006.11.23"]
[SourceVersion "1"]
[SourceVersionDate "2006.11.23"]
[SourceQuality "1"]

1. d4 d5 2. Nf3 e6 3. e3 Nf6 4. Bd3 Bd6 5. 0-0 0-0 6. b3 Nbd7 7. Bb2 Re8 8. Ne5 Be7 9. Nd2 Nxe5 10. dxe5 Nd7 11. c4 c6 12. Qc2 f5 13. exf6 Nxf6 14. Bxf6 Bxf6 15. Bxh7+ Kf7 16. Bg6+ Ke7 17. Bxe8 Bxa1 18. Bxc6 Bf6 19. Bb5 Qa5 20. Rb1 a6 21. b4 Qc7 22. Ba4 dxc4 23. b5 c3 24. Ne4 Bd7 25. bxa6 bxa6 26. Bxd7 Qxd7 27. Nxf6 Kxf6 28. Qxc3+ Kf7 29. Rc1 Rd8 30. h3 Qb5 31. Qc4 Rd1+ 32. Kh2 Rd2 33. Qf4+ Qf5 34. Qc7+ Kf6 35. Qc3+ Qe5+ 36. Qxe5+ Kxe5 37. Rc5+ Kf6 38. Ra5 Rxf2 39. Rxa6 Re2 40. Ra3 g6 41. Kg3 Kf5 42. Kf3 Re1 43. Ra5+ Kf6 44. a4 Rc1 45. Ra8 Rc5 46. a5 Ke7 47. a6 Rc7 48. a7 Kd7 1-0

[Event "Kalamazoo op12"]
[Site "Kalamazoo"]
[Date "1999.12.18"]
[Round "1"]
[White "Kilburn, Gregory"]
[Black "Jensen, Robert"]
[Result "0-1"]
[WhiteElo "1157"]
[BlackElo "1386"]
[PlyCount "73"]
[EventDate "1999.12.18"]
[EventType "swiss"]
[EventRounds "3"]
[EventCountry "USA"]
[SourceTitle "EXT 2007"]
[Source "ChessBase"]
[SourceDate "2006.11.23"]
[SourceVersion "1"]
[SourceVersionDate "2006.11.23"]
[SourceQuality "1"]

1. d4 d5 2. Nf3 Nf6 3. c4 dxc4 4. Nc3 e6 5. a3 Nbd7 6. Qa4 Be7 7. Qxc4 Nb6 8. Qd3 c5 9. e3 cxd4 10. Nxd4 0-0 11. b4 Bd7 12. Bb2 Rc8 13. Rc1 Nc4 14. Qb1 Nxb2 15. Qxb2 Qc7 16. Nce2 Qe5 17. Rxc8 Rxc8 18. Ng3 Qc7 19. Be2 Qc3+ 20. Qxc3 Rxc3 21. 0-0 Rxa3 22. b5 Rc3 23. Bf3 b6 24. Nc6 Bxc6 25. bxc6 a5 26. Rb1 Bc5 27. e4 e5 28. Nf5 Bf8 29. Ne3 Rxc6 30. g3 a4 31. Nd5 Nxd5 32. exd5 Rd6 33. Rb4 a3 34. Ra4 Rd8 35. Ra6 b5 36. Kf1 b4 37. Ke1 0-1

[Event "Kalamazoo op11"]
[Site "Kalamazoo"]
[Date "1999.11.20"]
[Round "2"]
[White "Ringler, Dave"]
[Black "Kilburn, Gregory"]
[Result "1-0"]
[WhiteElo "869"]
[BlackElo "1202"]
[PlyCount "95"]
[EventDate "1999.11.20"]
[EventType "swiss"]
[EventRounds "3"]
[EventCountry "USA"]
[SourceTitle "EXT 2007"]
[Source "ChessBase"]
[SourceDate "2006.11.23"]
[SourceVersion "1"]
[SourceVersionDate "2006.11.23"]
[SourceQuality "1"]

1. e4 c5 2. Nf3 d6 3. d4 cxd4 4. Nxd4 Nf6 5. Nc3 a6 6. Bg5 e6 7. f4 e5 8. fxe5 dxe5 9. Bxf6 Qxf6 10. Nf3 Bb4 11. Qd2 Bxc3 12. Qxc3 Nc6 13. 0-0-0 Qf4+ 14. Kb1 Qxe4 15. Re1 Qb4 16. Qxb4 Nxb4 17. Rxe5+ Be6 18. Bc4 Nc6 19. Re2 Nd8 20. Ng5 0-0 21. Nxe6 Nxe6 22. Bxe6 fxe6 23. Rxe6 Rf2 24. g4 Raf8 25. a4 Rg2 26. h3 Rff2 27. Rd1 Kf7 28. Rb6 Rxc2 29. Rxb7+ Kg6 30. Rd6+ Kg5 31. Rxg7+ Kh4 32. Rxh7+ Kg3 33. Rb7 Rc4 34. Rxa6 Kxh3 35. Rh6+ Kxg4 36. Rg7+ Kf3 37. Rh3+ Kf2 38. Rxg2+ Kxg2 39. Ra3 Rf4 40. a5 Rf8 41. a6 Ra8 42. b4 Kf2 43. b5 Re8 44. a7 Re1+ 45. Kb2 Re2+ 46. Kb3 Re3+ 47. Ka4 Re8 48. b6 1-0

[Event "Kalamazoo op10"]
[Site "Kalamazoo"]
[Date "1999.10.16"]
[Round "2"]
[White "Kilburn, Gregory"]
[Black "Kizer, Gerald"]
[Result "0-1"]
[WhiteElo "1202"]
[BlackElo "1468"]
[PlyCount "70"]
[EventDate "1999.10.16"]
[EventType "swiss"]
[EventRounds "3"]
[EventCountry "USA"]
[SourceTitle "EXT 2007"]
[Source "ChessBase"]
[SourceDate "2006.11.23"]
[SourceVersion "1"]
[SourceVersionDate "2006.11.23"]
[SourceQuality "1"]

1. e4 e6 2. Nf3 d5 3. exd5 exd5 4. d4 Nf6 5. Nc3 c6 6. Bd3 Be6 7. 0-0 Be7 8. Be3 0-0 9. Ne2 Ng4 10. Bd2 Bd6 11. Nf4 Qc7 12. g3 Nd7 13. Re1 Rae8 14. Nxe6 fxe6 15. Ng5 Nxf2 16. Qh5 h6 17. Bh7+ Kh8 18. Nxe6 Nf6 19. Nxc7 Rxe1+ 20. Rxe1 Nxh5 21. Ne6 Rf6 22. Nf4 Nxf4 23. Bxf4 Nh3+ 24. Kg2 Nxf4+ 25. gxf4 Kxh7 26. Kg3 Bxf4+ 27. Kg2 Bd6 28. Re2 g5 29. Kh1 h5 30. Rg2 Kh6 31. c3 h4 32. b3 h3 33. Rg1 Rf2 34. Rg3 Bxg3 35. hxg3 Kh5 0-1

[Event "Kalamazoo op09"]
[Site "Kalamazoo"]
[Date "1999.09.18"]
[Round "3"]
[White "Kilburn, Gregory"]
[Black "King, Anthony"]
[Result "0-1"]
[WhiteElo "1049"]
[BlackElo "1121"]
[PlyCount "70"]
[EventDate "1999.09.18"]
[EventType "swiss"]
[EventRounds "3"]
[EventCountry "USA"]
[SourceTitle "EXT 2007"]
[Source "ChessBase"]
[SourceDate "2006.11.23"]
[SourceVersion "1"]
[SourceVersionDate "2006.11.23"]
[SourceQuality "1"]

1. e4 c5 2. Nf3 d6 3. d3 Nf6 4. Be2 Nc6 5. c3 e6 6. Be3 Be7 7. 0-0 0-0 8. h3 e5 9. Qc2 d5 10. Rd1 d4 11. cxd4 cxd4 12. Bg5 h6 13. Bh4 Nh5 14. Bxe7 Qxe7 15. Kh2 g5 16. Ng1 Nf4 17. Bf1 Kh7 18. Ne2 Ng6 19. g4 Qf6 20. Ng3 Nf4 21. Nf5 Bxf5 22. exf5 h5 23. f3 hxg4 24. fxg4 Kg7 25. Nd2 Rh8 26. Ne4 Qh6 27. Nf2 Rh7 28. Kg3 Rah8 29. Kf3 Nb4 30. Qb3 Qc6+ 31. Ne4 Rxh3+ 32. Bxh3 Rxh3+ 33. Kf2 Nbxd3+ 34. Rxd3 Rxd3 35. Qb4 Qxe4 0-1